Los objetivos de las FAR y su oposición ante el proceso unitario en Guatemala
Furkejuvvon:
| Materiálatiipa: | Texto |
|---|---|
| Fáttát: | |
| Fáddágilkorat: |
Lasit fáddágilkoriid
Eai fáddágilkorat, Lasit vuosttaš fáddágilkora!
|
MARC
| LEADER | 00000 a a2200000 04500 | ||
|---|---|---|---|
| 001 | 17979 | ||
| 003 | |||
| 040 | |||
| 245 | |a Los objetivos de las FAR y su oposición ante el proceso unitario en Guatemala | ||
| 650 | |a DEMOCRACIA | ||
| 650 | |a REPRESION | ||
| 650 | |a TERRORISMO | ||
| 650 | |a DISCRIMINACION | ||
| 650 | |a GUATEMALA | ||
| 773 | |g volumen 4, número 38; páginas 439-442 | ||
| 999 | |c 29909 |d 29909 | ||
| 773 | 0 | |0 42391 |9 3848 |a Agencia Latinoamericana de Información, ALAI |d Quito, Ecuador: ALAI |o 04480 |t ALAI: |x 08275564 (Servicio mensual de información y documentación) | |
